| 000 -Cabeçalho do registo |
| Cabeçalho |
00483nam 22001813 4500 |
| 001 - Identificador do registo |
| Campo de controlo |
32648 |
| 010 ## - Número internacional normalizado dos livros (ISBN) |
| Número (ISBN) |
978-989-33-6766-7 |
| 021 ## - Número do Depósito Legal |
| Código do país |
538591/24 |
| 100 ## - Dados gerais de processamento |
| Dados gerais de processamento |
20260326d2024 u||y0pory50 ba |
| 101 ## - Língua de publicação |
| Língua do texto, banda sonora, etc. |
Português |
| 102 ## - Pais de publicação ou produção |
| País de publicação |
Portugal |
| 200 ## - Titulo e menção de responsabilidade |
| Título próprio |
Ericeira Visual Jouney |
| Primeira menção de responsabilidade |
Hugo Almeida, Pedro Mestre |
| 210 ## - Publicação, Distribuição, etc. |
| Lugar da edição, distribuição, etc. |
Portugal, Mafra |
| Data da publicação, distribuição, etc. |
2024 |
| 215 ## - Descrição física |
| Indicação específica da natureza do documento e extensão da espécie |
248 p. |
| Outras indicações físicas |
il. color |
| 700 ## - Nome de autor-pessoa física (responsabilidade principal) |
| Palavra de ordem |
Almeida |
| Outra parte do nome não tomada para palavra de ordem |
Hugo |
| 701 ## - Nome de autor-pessoa física (co-responsabilidade principal) |
| Palavra de ordem |
Mestre |
| Outra parte do nome não tomada para palavra de ordem |
Pedro |
| 710 ## - Nome de colectividade-autor (responsabilidade principal) |
| Palavra de ordem |
Câmara Municipal de Mafra |